[Event "Tournoi Skype 026A"]
[Site "Skype"]
[Date "????.??.??"]
[Round "2.31"]
[White "Ramirez Reina, Orlando"]
[Black "Yeter, Orhan"]
[Result "0-1"]
[WhiteElo "1476"]
[BlackElo "1595"]
[PlyCount "102"]

1. d4 d5 2. c4 Nf6 3. Nc3 g6 4. cxd5 Nxd5 5. e4 Nxc3 6. bxc3 Bg7 7. Bf4 O-O 8.
h3 Nd7 9. Nf3 c5 10. e5 cxd4 11. cxd4 Qa5+ 12. Qd2 Qxd2+ 13. Kxd2 Nb6 14. Bd3
Nd5 15. Bh2 Bd7 16. Rhc1 Rac8 17. a3 b5 18. Be4 e6 19. Bxd5 exd5 20. Rc5 Rxc5
21. dxc5 Rc8 22. Rc1 a5 23. Nd4 Bh6+ 24. f4 b4 25. c6 Be8 26. axb4 axb4 27. c7
g5 28. g3 Ba4 29. Rc5 b3 30. Kc3 gxf4 31. gxf4 Bf8 32. Rxd5 Rxc7+ 33. Kb2 Rc2+
34. Nxc2 bxc2 35. Rd8 Kg7 36. f5 Ba3+ 37. Kxa3 c1=Q+ 38. Kxa4 Qc2+ 39. Kb5 Qxh2
40. f6+ Kg6 41. Rd5 Qb2+ 42. Kc6 Qc3+ 43. Kd7 Qxh3+ 44. Kc6 Qe6+ 45. Kc5 h5 46.
Kd4 h4 47. Rd6 Qg4+ 48. Kc5 h3 49. e6 Qxe6 50. Rxe6 fxe6 51. f7 Kxf7 0-1

[Event "Tournoi Skype 026A"]
[Site "Skype"]
[Date "????.??.??"]
[Round "2.32"]
[White "Aceituno, Stebe"]
[Black "Chavero, Victor"]
[Result "0-1"]
[WhiteElo "1593"]
[BlackElo "1457"]
[PlyCount "84"]

1. e4 d5 2. exd5 Qxd5 3. Nc3 Qd6 4. Nf3 Bg4 5. Be2 c6 6. O-O Nd7 7. d4 Ngf6 8.
Be3 O-O-O 9. Qd2 Kb8 10. Bf4 e5 11. Nxe5 Nxe5 12. Bxe5 Qxe5 13. Bxg4 Nxg4 14.
dxe5 Rxd2 15. Rae1 Bc5 16. Ne4 Rxc2 17. h3 Nxe5 18. Nxc5 Rxc5 19. b4 Rd5 20. f4
Nd7 21. Re7 Rf8 22. a4 Nf6 23. Rb1 Rd7 24. Re5 Rfd8 25. b5 Rd1+ 26. Rxd1 Rxd1+
27. Kh2 cxb5 28. axb5 Kc7 29. Re7+ Rd7 30. Re5 Kb6 31. Kg3 Rc7 32. Kf3 Rc3+ 33.
Ke2 Rc5 34. Re7 Rxb5 35. Rxf7 Nh5 36. g4 Ng3+ 37. Kd3 a5 38. Rxg7 a4 39. Rxh7
a3 40. Rh8 a2 41. Ra8 Ra5 42. Rxa5 Kxa5 0-1

[Event "Tournoi Skype 026A"]
[Site "Skype"]
[Date "????.??.??"]
[Round "2.33"]
[White "Pouteau, Pascal"]
[Black "Castillo, Jesus"]
[Result "1-0"]
[WhiteElo "1441"]
[BlackElo "1587"]
[PlyCount "93"]

1. d4 Nf6 2. Bf4 e6 3. Nf3 d5 4. e3 Bd6 5. Bg3 Nbd7 6. Ne5 Ne4 7. Qf3 O-O 8.
Bd3 Nef6 9. Nd2 c5 10. c3 cxd4 11. exd4 Qc7 12. Qe2 a6 13. h4 b5 14. h5 h6 15.
Bh4 Nxe5 16. Bxf6 Nxd3+ 17. Qxd3 gxf6 18. Nf3 Bb7 19. Rh4 Kh8 20. Qe3 Kh7 21.
Qd3+ f5 22. g4 Be7 23. Rh3 Qf4 24. Ne5 Qe4+ 25. Kd2 Qxd3+ 26. Kxd3 fxg4 27.
Nxg4 a5 28. Rg1 b4 29. Kc2 bxc3 30. bxc3 Rab8 31. Ne5 Rbd8 32. Rf3 f5 33. Rfg3
Rf6 34. Rg6 Rxg6 35. Rxg6 Bc8 36. Nc6 Rg8 37. Nxe7 Rxg6 38. Nxg6 Bd7 39. Nf8+
Kg7 40. Nxd7 Kf7 41. Ne5+ Kf6 42. f4 a4 43. Kb2 Ke7 44. Ka3 Kd6 45. Kxa4 Ke7
46. Kb5 Kd6 47. a4 1-0

[Event "Tournoi Skype 026A"]
[Site "Skype"]
[Date "????.??.??"]
[Round "2.34"]
[White "Vello, Pablo"]
[Black "Scata, Laura"]
[Result "1/2-1/2"]
[WhiteElo "1581"]
[BlackElo "1440"]
[PlyCount "42"]

1. d4 c6 2. Nf3 d5 3. e3 Nf6 4. Bd3 Bg4 5. Nbd2 Nbd7 6. O-O e6 7. b3 Bd6 8. Bb2
Qc7 9. Qe1 O-O-O 10. Ne5 Nxe5 11. dxe5 Bxe5 12. Bxe5 Qxe5 13. f4 Qc7 14. h3 Bh5
15. Nf3 Bg6 16. Ne5 Ne4 17. Nxg6 hxg6 18. Bxe4 dxe4 19. Rd1 Rxd1 20. Qxd1 Rd8
21. Qe1 Qd6 1/2-1/2

[Event "Tournoi Skype 026A"]
[Site "Skype"]
[Date "????.??.??"]
[Round "2.36"]
[White "Yardimci, Ertan"]
[Black "Escudero Ocana, Francisco"]
[Result "1-0"]
[WhiteElo "1560"]
[BlackElo "1398"]
[PlyCount "61"]

1. d4 d5 2. Nf3 e6 3. c4 Nf6 4. Nc3 Bb4 5. e3 Ne4 6. Qc2 c6 7. Bd3 Bxc3+ 8.
bxc3 f5 9. O-O Nd7 10. cxd5 cxd5 11. c4 Ndf6 12. Ne5 dxc4 13. Bxc4 Qc7 14. Bb5+
Kd8 15. Qxc7+ Kxc7 16. Bd3 Bd7 17. f3 Nd6 18. Bd2 Rac8 19. Rfc1+ Kb8 20. Bb4
Nb5 21. Nxd7+ Nxd7 22. Bxb5 Nb6 23. Bd6+ Ka8 24. Bc5 Nd5 25. Kf2 b6 26. Bd6 Kb7
27. Bd7 Rxc1 28. Rxc1 Nf6 29. Rc7+ Ka6 30. Bc8+ Rxc8 31. Rxc8 1-0

[Event "Tournoi Skype 026A"]
[Site "Skype"]
[Date "????.??.??"]
[Round "2.37"]
[White "Aranzubia, Desiderio"]
[Black "Bankhede, Shivkumar"]
[Result "1-0"]
[WhiteElo "1554"]
[BlackElo "1377"]
[PlyCount "71"]

1. d4 d5 2. Nf3 Nf6 3. c4 c6 4. Nc3 e6 5. cxd5 cxd5 6. Bf4 a6 7. a3 Nc6 8. h3
Be7 9. e3 O-O 10. Bd3 h6 11. O-O Bd7 12. b4 Rc8 13. Rc1 Qb6 14. Na4 Qd8 15. Nc5
Bxc5 16. dxc5 Re8 17. Ne5 Nxe5 18. Bxe5 Bc6 19. f3 Nd7 20. Bb2 Qg5 21. Re1 Ne5
22. f4 Qg3 23. Bxe5 Rcd8 24. Qg4 Qxg4 25. hxg4 f6 26. Bd4 e5 27. fxe5 fxe5 28.
Bb2 Bd7 29. Bf5 Bb5 30. Rc2 d4 31. exd4 exd4 32. Rxe8+ Rxe8 33. Rd2 Re1+ 34.
Kf2 Re2+ 35. Rxe2 Bxe2 36. Kxe2 1-0

[Event "Tournoi Skype 026A"]
[Site "Skype"]
[Date "????.??.??"]
[Round "3.1"]
[White "Prasath, Malola"]
[Black "Dal, Ibrahim"]
[Result "0-1"]
[WhiteElo "2104"]
[BlackElo "1870"]
[PlyCount "58"]

1. e4 c6 2. d4 d5 3. Nc3 dxe4 4. Nxe4 Nd7 5. Nf3 Ngf6 6. Ng3 e6 7. Bd3 c5 8.
Bg5 cxd4 9. O-O h6 10. Bxf6 Nxf6 11. Nxd4 Bc5 12. Nb3 Be7 13. Qf3 O-O 14. Rad1
Qb6 15. Rfe1 Re8 16. a4 a6 17. Bc4 Bd7 18. a5 Qc6 19. Ne4 Qxc4 20. Nxf6+ Bxf6
21. Rxd7 Qb4 22. Re4 Qb5 23. Rc7 Rec8 24. Rg4 Rxc7 25. Qxf6 g6 26. h4 Qf5 27.
Qd4 Rxc2 28. Rf4 e5 29. Qa4 Qxf4 0-1

[Event "Tournoi Skype 026A"]
[Site "Skype"]
[Date "????.??.??"]
[Round "3.2"]
[White "Rico Hernandez, Edgar"]
[Black "Deville, Olivier"]
[Result "0-1"]
[WhiteElo "1840"]
[BlackElo "2081"]
[PlyCount "38"]

1. d4 Nf6 2. c4 e6 3. Nc3 Bb4 4. Qc2 O-O 5. a3 Bxc3+ 6. Qxc3 b6 7. Nf3 d6 8. g3
Bb7 9. Bg2 Nbd7 10. O-O c5 11. e3 Qc7 12. Rd1 Rac8 13. Nd2 Bxg2 14. Kxg2 d5 15.
cxd5 Nxd5 16. Qd3 c4 17. Qf1 c3 18. bxc3 Qxc3 19. Nf3 Qxa1 0-1

[Event "Tournoi Skype 026A"]
[Site "Skype"]
[Date "????.??.??"]
[Round "3.3"]
[White "Siret, Bernard"]
[Black "Murgia, Stefano"]
[Result "1-0"]
[WhiteElo "2063"]
[BlackElo "1811"]
[PlyCount "61"]

1. e4 c6 2. d4 d5 3. f3 dxe4 4. Nc3 e5 5. dxe5 Qxd1+ 6. Nxd1 exf3 7. Nxf3 Bc5
8. Be3 Bb6 9. Bc4 Ne7 10. Bxb6 axb6 11. Ng5 O-O 12. O-O Nd5 13. Nc3 Be6 14.
Bxd5 cxd5 15. Nb5 h6 16. Nc7 Ra5 17. Ngxe6 fxe6 18. Rxf8+ Kxf8 19. Nxe6+ Ke7
20. Nd4 Nc6 21. Nf5+ Ke6 22. Nxg7+ Kxe5 23. Re1+ Kf6 24. Ne8+ Kg5 25. a3 b5 26.
c3 d4 27. cxd4 Nxd4 28. h4+ Kf4 29. Nd6 Nc2 30. Re4+ Kg3 31. Nf5# 1-0

[Event "Tournoi Skype 026A"]
[Site "Skype"]
[Date "????.??.??"]
[Round "3.4"]
[White "Engstrom, Olle"]
[Black "Benson, Paul"]
[Result "0-1"]
[WhiteElo "1771"]
[BlackElo "2052"]
[PlyCount "90"]

1. e4 c5 2. Nf3 d6 3. d4 cxd4 4. Nxd4 Nf6 5. Nc3 a6 6. Be3 e5 7. Nb3 Be6 8. Be2
Be7 9. O-O O-O 10. f4 exf4 11. Bxf4 Nc6 12. Kh1 Qc7 13. Qe1 Ne5 14. Rd1 Bc4 15.
Nd4 Bxe2 16. Qxe2 Rfe8 17. Nf5 Bf8 18. Nd5 Nxd5 19. Rxd5 Rac8 20. c3 Qc4 21.
Qxc4 Nxc4 22. b3 Nb6 23. Rd3 Rxe4 24. Nxd6 Bxd6 25. Bxd6 f6 26. Kg1 Kf7 27.
Rfd1 Re2 28. R1d2 Rxd2 29. Rxd2 Rxc3 30. Bb4 Rc7 31. Ba5 Rd7 32. Rxd7+ Nxd7 33.
Kf2 Ke6 34. Ke3 Ne5 35. h3 g6 36. Bc3 Nc6 37. Ke4 Ne7 38. Bd4 Nd5 39. a3 f5+
40. Kf3 Nf6 41. Bxf6 Kxf6 42. g4 fxg4+ 43. hxg4 Kg5 44. Kg3 b6 45. Kf3 Kh4 0-1

[Event "Tournoi Skype 026A"]
[Site "Skype"]
[Date "????.??.??"]
[Round "3.5"]
[White "Ibarra Cantu, Raul Alberto"]
[Black "Martinez Quintero, Javier"]
[Result "1-0"]
[WhiteElo "1947"]
[BlackElo "1794"]
[PlyCount "29"]

1. e4 c5 2. Nf3 g6 3. c4 Bg7 4. d4 cxd4 5. Nxd4 Nc6 6. Be3 a6 7. Nc3 e6 8. Be2
Nge7 9. O-O O-O 10. Qd2 Nxd4 11. Bxd4 Bxd4 12. Qxd4 Nc6 13. Qd6 b6 14. Rad1 Qc7
15. Qxc7 1-0

[Event "Tournoi Skype 026A"]
[Site "Skype"]
[Date "????.??.??"]
[Round "3.6"]
[White "Lambert, Pierre"]
[Black "Calcino, Luis"]
[Result "1-0"]
[WhiteElo "1902"]
[BlackElo "1724"]
[PlyCount "71"]

1. e4 d6 2. d4 g6 3. c4 Bg7 4. Nf3 Nd7 5. Be3 Ngf6 6. Nc3 O-O 7. Be2 c5 8. h3
b6 9. Rc1 cxd4 10. Nxd4 Bb7 11. Bf3 Ne5 12. O-O Rc8 13. b3 Nxf3+ 14. Qxf3 Nd7
15. Rfd1 a6 16. Qg3 Kh8 17. Nd5 f5 18. exf5 gxf5 19. Ne6 Be5 20. f4 Rg8 21.
Nxd8 Rxg3 22. Nf7+ Kg7 23. fxe5 Bxd5 24. cxd5 Rxc1 25. Bxc1 Kxf7 26. e6+ Ke8
27. exd7+ Kxd7 28. Bf4 Rg8 29. Rc1 b5 30. Rc6 e5 31. Rxa6 exf4 32. Ra7+ Ke8 33.
Ra8+ Kf7 34. Rxg8 Kxg8 35. Kf2 Kf7 36. Kf3 1-0

[Event "Tournoi Skype 026A"]
[Site "Skype"]
[Date "????.??.??"]
[Round "3.7"]
[White "Mayor Martinez, Juan Jose"]
[Black "Rapaire, Jean-Michel"]
[Result "1-0"]
[WhiteElo "1892"]
[BlackElo "1701"]
[PlyCount "97"]

1. e4 c5 2. Nf3 d6 3. d4 cxd4 4. Nxd4 Nc6 5. Nc3 Nf6 6. Bc4 g6 7. O-O Bg7 8.
Nf3 O-O 9. h3 a6 10. a4 Be6 11. Bd5 Qd7 12. Ng5 h6 13. Nxe6 fxe6 14. Bb3 Kh7
15. Be3 Rac8 16. a5 Ne5 17. Na4 Qc6 18. Nb6 Rcd8 19. Bxe6 Qxe4 20. Bb3 Ned7 21.
c3 Ne5 22. Bc2 Qc6 23. Bd4 Nfd7 24. f4 Nf7 25. Nxd7 Bxd4+ 26. cxd4 Qxd7 27. Qd3
Nh8 28. Rae1 Rf6 29. Qe4 e6 30. d5 exd5 31. Qxd5 Rdf8 32. Qd4 Kg7 33. Ba4 Qd8
34. b4 Kh7 35. Bc2 Qd7 36. Kh2 Kg7 37. Re4 Re8 38. Rfe1 Rxe4 39. Rxe4 Nf7 40.
Bb3 Nd8 41. Qe3 Nc6 42. Bd5 Kf8 43. g4 Ne7 44. Be6 Qc6 45. Qd4 Rxe6 46. Rxe6
Qc2+ 47. Kg1 Qb1+ 48. Kf2 Qa2+ 49. Re2 1-0

[Event "Tournoi Skype 026A"]
[Site "Skype"]
[Date "????.??.??"]
[Round "3.8"]
[White "Lopez, Jose Luis"]
[Black "Rajpurohit, Dinesh"]
[Result "1-0"]
[WhiteElo "1879"]
[BlackElo "1555"]
[PlyCount "27"]

1. e4 c6 2. d4 d5 3. Nd2 dxe4 4. Nxe4 Bf5 5. Ng3 Bg6 6. h4 h6 7. Nf3 Nf6 8. Ne5
Bh7 9. Bc4 e6 10. f4 Nbd7 11. Qe2 Be7 12. Nxf7 Kxf7 13. Qxe6+ Kf8 14. Qf7# 1-0

[Event "Tournoi Skype 026A"]
[Site "Skype"]
[Date "????.??.??"]
[Round "3.9"]
[White "Karia, Vijay"]
[Black "Altinok, Selim"]
[Result "1-0"]
[WhiteElo "1816"]
[BlackElo "1921"]
[PlyCount "57"]

1. e4 g6 2. Nc3 Bg7 3. f4 d6 4. Nf3 Nf6 5. Bb5+ c6 6. Be2 O-O 7. O-O e5 8. d3
Nbd7 9. f5 Qb6+ 10. Kh1 Ng4 11. Qe1 gxf5 12. exf5 d5 13. Bd1 Re8 14. Ng5 Ngf6
15. Qh4 Nf8 16. Qg3 Re7 17. Nh3 Kh8 18. Rb1 Qc7 19. Qh4 Ng8 20. f6 Nxf6 21.
Rxf6 Bxf6 22. Qxf6+ Kg8 23. Bh6 Ne6 24. Ng5 b5 25. Bg4 Qd6 26. Rf1 Bd7 27. Nxe6
fxe6 28. Qf8+ Rxf8 29. Rxf8# 1-0

[Event "Tournoi Skype 026A"]
[Site "Skype"]
[Date "????.??.??"]
[Round "3.10"]
[White "Casey, Eamonn"]
[Black "Grosso, Raul"]
[Result "1/2-1/2"]
[WhiteElo "1575"]
[BlackElo "1871"]
[PlyCount "49"]

1. d4 Nf6 2. c4 c5 3. d5 b5 4. cxb5 a6 5. Nc3 g6 6. e4 d6 7. Nf3 Bg7 8. Be2 O-O
9. O-O axb5 10. Bxb5 Ba6 11. Bxa6 Nxa6 12. a3 Qb6 13. Qe2 Rfb8 14. Rb1 Nd7 15.
Bd2 Qb3 16. Rfe1 Nc7 17. Qd1 Ne5 18. Nxe5 Qxd1 19. Rexd1 Bxe5 20. Re1 Nb5 21.
Nxb5 Rxb5 22. Bc3 Bxc3 23. bxc3 Rxb1 24. Rxb1 Rxa3 25. Rc1 1/2-1/2

[Event "Tournoi Skype 026A"]
[Site "Skype"]
[Date "????.??.??"]
[Round "3.11"]
[White "Mordaa, Ahmad"]
[Black "Silva, Rodrigo De Souza"]
[Result "1/2-1/2"]
[WhiteElo "1561"]
[BlackElo "1893"]
[PlyCount "59"]

1. e4 c5 2. Nf3 e6 3. d3 Nc6 4. Nbd2 d5 5. g3 Nf6 6. e5 Nd7 7. Qe2 Qc7 8. Nb3
Ncxe5 9. Nxe5 Qxe5 10. Qxe5 Nxe5 11. Bg2 Be7 12. O-O O-O 13. Re1 Nc6 14. c4 Nb4
15. Re2 Rd8 16. a3 Nxd3 17. cxd5 c4 18. Nd2 c3 19. bxc3 Nxc1 20. Rxc1 Bxa3 21.
Rb1 exd5 22. Bxd5 Bf5 23. Bxb7 Rab8 24. Rb3 Bc1 25. Nf3 Be6 26. Rb1 Bh6 27. Nd4
Bd5 28. Re7 Kf8 29. Rc7 g6 30. Nc6 1/2-1/2

[Event "Tournoi Skype 026A"]
[Site "Skype"]
[Date "????.??.??"]
[Round "3.12"]
[White "Diaz, Jose Garcia"]
[Black "Yardimci, Ertan"]
[Result "1-0"]
[WhiteElo "1839"]
[BlackElo "1560"]
[PlyCount "85"]

1. e4 e5 2. Nf3 Nc6 3. a3 Nf6 4. Nc3 a6 5. Bc4 Bc5 6. O-O O-O 7. d3 h6 8. h3 d6
9. b4 Ba7 10. Bb2 b5 11. Ba2 Bb7 12. Nd5 Nb8 13. Nxf6+ Qxf6 14. d4 exd4 15.
Bxd4 Bxd4 16. Qxd4 Qxd4 17. Nxd4 Nd7 18. f3 Ne5 19. f4 Nc6 20. Nf5 Rae8 21. Bd5
Ba8 22. Rfd1 Na7 23. Bxa8 Rxa8 24. Ne7+ Kh8 25. Nd5 Rac8 26. a4 Nc6 27. axb5
axb5 28. Ra6 Nd8 29. Ra7 Nc6 30. Rxc7 Rxc7 31. Nxc7 Nxb4 32. c3 Na2 33. Nxb5
Rc8 34. Nxd6 Rc7 35. c4 Nc3 36. Rd2 Kg8 37. Nb5 Rxc4 38. Rc2 Rxe4 39. Nxc3 Rxf4
40. Nd5 Rd4 41. Ne7+ Kf8 42. Nf5 Rd7 43. Rc8+ 1-0

[Event "Tournoi Skype 026A"]
[Site "Skype"]
[Date "????.??.??"]
[Round "3.15"]
[White "Trivedi, Viral"]
[Black "Calderon, Francisco"]
[Result "0-1"]
[WhiteElo "1550"]
[BlackElo "1674"]
[PlyCount "100"]

1. d4 d5 2. Nf3 Nf6 3. Bf4 Bf5 4. Nbd2 Nbd7 5. e3 c6 6. c4 e6 7. Qb3 b6 8. Ne5
Nxe5 9. Bxe5 Be7 10. Nf3 h6 11. Rc1 O-O 12. Be2 a5 13. O-O Nd7 14. cxd5 Nxe5
15. Nxe5 c5 16. Nc6 Qc7 17. Nxe7+ Qxe7 18. Qxb6 cxd4 19. Qxd4 exd5 20. Qxd5 Be4
21. Qc5 Qb7 22. f3 Qxb2 23. fxe4 Qxe2 24. Qd5 Qxe3+ 25. Kh1 Rae8 26. Qxa5 Rxe4
27. Rce1 Qd3 28. h3 Rfe8 29. Rg1 Re3 30. Rxe3 Rxe3 31. Qa8+ Kh7 32. Qc8 f5 33.
Rc1 Qd5 34. Rf1 Rxh3+ 35. Kg1 Qd4+ 36. Rf2 Qd1+ 37. Rf1 Rh1+ 38. Kxh1 Qxf1+ 39.
Kh2 Qf4+ 40. Kg1 h5 41. a4 g6 42. Qe8 h4 43. Qe7+ Kh6 44. Qf8+ Kh5 45. Qh8+ Kg4
46. Qa1 Qe3+ 47. Kh1 Kg3 48. a5 h3 49. gxh3 Qf3+ 50. Kg1 Qg2# 0-1

[Event "Tournoi Skype 026A"]
[Site "Skype"]
[Date "????.??.??"]
[Round "3.17"]
[White "Sepulveda, Lyda Marcela"]
[Black "Grib, Johannes"]
[Result "1-0"]
[WhiteElo "1653"]
[BlackElo "1530"]
[PlyCount "55"]

1. e4 c5 2. Nf3 e6 3. d4 cxd4 4. Nxd4 a6 5. Nc3 Nc6 6. Be2 Qb6 7. Nb3 Qc7 8.
Be3 d6 9. O-O Nf6 10. f4 h5 11. Bf3 Ng4 12. Bf2 Nxf2 13. Rxf2 Be7 14. Bxh5 g6
15. Bf3 e5 16. Nd5 Qd8 17. fxe5 Nxe5 18. Nd4 Be6 19. Nxe6 fxe6 20. Nf4 Nxf3+
21. Qxf3 Rf8 22. Qg4 Qb6 23. Qxg6+ Kd7 24. Qxe6+ Kd8 25. Raf1 Rc8 26. Nd5 Qxf2+
27. Rxf2 Rxf2 28. Qxe7# 1-0

[Event "Tournoi Skype 026A"]
[Site "Skype"]
[Date "????.??.??"]
[Round "3.19"]
[White "Aravena, Alvaro"]
[Black "Marino, Giuseppe"]
[Result "1-0"]
[WhiteElo "1641"]
[BlackElo "1466"]
[PlyCount "127"]

1. e4 b6 2. d4 Bb7 3. Bd3 e6 4. Nc3 d6 5. Nf3 Nd7 6. O-O g6 7. Bg5 Ne7 8. Re1
h6 9. Be3 Bg7 10. Qd2 e5 11. d5 a6 12. Bf1 f5 13. Qd3 fxe4 14. Nxe4 Bxd5 15.
Nfd2 Bxe4 16. Nxe4 O-O 17. c3 Kh7 18. Ng3 Nf5 19. Nxf5 Rxf5 20. Qc2 d5 21. Rad1
e4 22. g3 c6 23. Bh3 Rf7 24. a4 Ne5 25. Kh1 Qc7 26. Re2 Raf8 27. Qb3 Nc4 28.
Bf4 Be5 29. Bxe5 Nxe5 30. Bf1 a5 31. Qc2 Qe7 32. b3 Rf6 33. c4 e3 34. cxd5 Rxf2
35. Rxf2 Rxf2 36. Qe4 cxd5 37. Qxe3 Qf6 38. Bg2 Ng4 39. Qc1 Rf5 40. Qc7+ Qg7
41. Qxg7+ Kxg7 42. Rxd5 Rxd5 43. Bxd5 Ne3 44. Be6 Kf6 45. Bg8 Kg7 46. Be6 Kf6
47. Bh3 Ke5 48. Kg1 Kd4 49. Kf2 Kd3 50. Kf3 Kd4 51. Kf4 g5+ 52. Kf3 Nd5 53. Kg4
Ke3 54. Kh5 Kf2 55. Kxh6 Kg1 56. Be6 Ne3 57. Kxg5 Kxh2 58. g4 Kg3 59. Kh5 Kf4
60. g5 Nf5 61. Bxf5 Kxf5 62. Kh6 Ke6 63. g6 Kf6 64. Kh7 1-0

[Event "Tournoi Skype 026A"]
[Site "Skype"]
[Date "????.??.??"]
[Round "3.20"]
[White "Carballo, Jorge"]
[Black "Khetre, Gaurav"]
[Result "1/2-1/2"]
[WhiteElo "1515"]
[BlackElo "1640"]
[PlyCount "79"]

1. d4 d5 2. Nf3 Nf6 3. Bf4 e6 4. e3 Bd6 5. Ne5 O-O 6. Bd3 Nbd7 7. Nd2 c5 8.
Nxf7 Rxf7 9. Bxd6 c4 10. Be2 Nf8 11. Bxf8 Qxf8 12. O-O Bd7 13. Nf3 Ne4 14. c3
Rd8 15. Ne5 Rxf2 16. Nxd7 Rxf1+ 17. Qxf1 Rxd7 18. Qxf8+ Kxf8 19. Rf1+ Rf7 20.
Bf3 Nd6 21. Bd1 Rxf1+ 22. Kxf1 a6 23. Kf2 Kf7 24. Bc2 h6 25. Kf3 b5 26. a3 Kf6
27. e4 Nf7 28. e5+ Ke7 29. h4 Nd8 30. g4 Nc6 31. Kf4 Kf7 32. g5 hxg5+ 33. Kxg5
Ne7 34. Bb1 a5 35. Bc2 a4 36. Bb1 g6 37. Bc2 Kg7 38. h5 gxh5 39. Kxh5 Ng8 40.
Kg5 1/2-1/2

[Event "Tournoi Skype 026A"]
[Site "Skype"]
[Date "????.??.??"]
[Round "3.21"]
[White "Lucena Vaz, Jose"]
[Black "Montalvo, Mario"]
[Result "0-1"]
[WhiteElo "1510"]
[BlackElo "1639"]
[PlyCount "74"]

1. e4 d6 2. d4 Nf6 3. Nc3 g6 4. Nf3 Bg7 5. Bc4 O-O 6. O-O c6 7. Bg5 b5 8. Bd3
Qc7 9. Qd2 Re8 10. Rfe1 e5 11. d5 b4 12. Nd1 cxd5 13. Bxf6 Bxf6 14. Qxb4 Bb7
15. Nd2 dxe4 16. Nxe4 Be7 17. Qc3 Nc6 18. Ne3 Qd8 19. Bb5 Qb6 20. a4 a6 21.
Bxc6 Bxc6 22. Nc4 Qc7 23. Na5 Rac8 24. Nxc6 Qxc6 25. Qxc6 Rxc6 26. Nc3 Rb8 27.
Nd5 Bd8 28. b4 Rxc2 29. Rad1 Bb6 30. Nf6+ Kg7 31. Ng4 h5 32. Ne3 Bxe3 33. Rxe3
Rxb4 34. Ra3 d5 35. Kf1 d4 36. Raa1 Rbb2 37. Ra2 Rxa2 0-1

[Event "Tournoi Skype 026A"]
[Site "Skype"]
[Date "????.??.??"]
[Round "3.22"]
[White "Rushdi, Tuan"]
[Black "Legueltel, Daniel"]
[Result "0-1"]
[WhiteElo "1467"]
[BlackElo "1617"]
[PlyCount "56"]

1. e4 e5 2. Nf3 Nc6 3. Bc4 h6 4. O-O Nf6 5. d4 exd4 6. e5 Ng8 7. c3 d6 8. exd6
Bxd6 9. Qb3 Qf6 10. cxd4 Nge7 11. d5 Ne5 12. Nxe5 Qxe5 13. f4 Qf6 14. Qb5+ c6
15. dxc6 bxc6 16. Qb3 O-O 17. Nc3 Rb8 18. Qc2 Qd4+ 19. Be3 Qxc4 20. f5 Be5 21.
Rf3 Nd5 22. Qd2 Nxe3 23. f6 Nd5 24. fxg7 Bxg7 25. Rg3 Nf4 26. b3 Qc5+ 27. Kh1
Ng6 28. Ne4 Qd4 0-1

[Event "Tournoi Skype 026A"]
[Site "Skype"]
[Date "????.??.??"]
[Round "3.23"]
[White "Chavero, Victor"]
[Black "Perrone, Gabriel Lorenzo"]
[Result "0-1"]
[WhiteElo "1457"]
[BlackElo "1603"]
[PlyCount "50"]

1. d4 Nf6 2. e3 g6 3. Bd3 Bg7 4. Nd2 d5 5. f4 Nbd7 6. Ngf3 c5 7. c3 b6 8. O-O
O-O 9. Ne5 Bb7 10. Qf3 e6 11. Nxd7 Qxd7 12. e4 Nxe4 13. Nxe4 dxe4 14. Bxe4 Bxe4
15. Qxe4 cxd4 16. cxd4 Qxd4+ 17. Qe3 Rac8 18. Rf2 Rfd8 19. Qxd4 Bxd4 20. Kf1
Bxf2 21. Kxf2 Rc2+ 22. Ke1 Rxg2 23. Kf1 Rxh2 24. Kg1 Rc2 25. Kf1 Rd1# 0-1

[Event "Tournoi Skype 026A"]
[Site "Skype"]
[Date "????.??.??"]
[Round "3.24"]
[White "Pouteau, Pascal"]
[Black "Vasquez, Oscar"]
[Result "0-1"]
[WhiteElo "1441"]
[BlackElo "1599"]
[PlyCount "50"]

1. d4 Nf6 2. Bf4 d5 3. Nf3 Bg4 4. e3 e6 5. Bd3 Bd6 6. Bg3 O-O 7. Nbd2 c5 8. c3
Qc7 9. Qc2 Nbd7 10. Ng5 h6 11. h3 Bh5 12. Bxd6 Qxd6 13. Ngf3 c4 14. Be2 Bg6 15.
Qd1 e5 16. Nh4 Bh7 17. Bg4 exd4 18. cxd4 b5 19. Nf5 Bxf5 20. Bxf5 g6 21. Bc2 a5
22. g4 Rfe8 23. h4 Qf4 24. Nf3 Nxg4 25. Ne5 Qxf2# 0-1

[Event "Tournoi Skype 026A"]
[Site "Skype"]
[Date "????.??.??"]
[Round "3.25"]
[White "Pezzolato, Erica"]
[Black "Gharbi, Said"]
[Result "1/2-1/2"]
[WhiteElo "1417"]
[BlackElo "1598"]
[PlyCount "55"]

1. c4 b6 2. d3 Bb7 3. e4 e5 4. Nf3 Nc6 5. g3 Bc5 6. Bg2 d6 7. O-O Nf6 8. Nc3
Nd4 9. Nxd4 Bxd4 10. Nb5 Bc5 11. Bg5 a6 12. Nc3 h6 13. Bd2 O-O 14. a3 a5 15.
Qc2 Re8 16. Nd5 Bc6 17. b4 Bd4 18. Bc3 Bxc3 19. Nxc3 axb4 20. axb4 Bd7 21. Rxa8
Qxa8 22. Qa2 Qxa2 23. Nxa2 Ra8 24. Nc3 Ra3 25. Rc1 Rb3 26. Nd5 Nxd5 27. cxd5 c5
28. dxc6 1/2-1/2

[Event "Tournoi Skype 026A"]
[Site "Skype"]
[Date "????.??.??"]
[Round "3.27"]
[White "Salazar Ticeran, Antonio"]
[Black "Leyton Calderon, Jairo Oswaldo"]
[Result "1-0"]
[WhiteElo "1541"]
[BlackElo "1654"]
[PlyCount "73"]

1. e4 c5 2. Nf3 g6 3. d4 cxd4 4. Nxd4 Bg7 5. Be3 Nc6 6. Nc3 Qa5 7. a3 Nf6 8.
Bd3 O-O 9. Nxc6 bxc6 10. O-O Rb8 11. b4 Qc7 12. f4 Rd8 13. e5 Ne8 14. h4 d5 15.
Ne2 f6 16. Bd4 fxe5 17. Bxe5 Bxe5 18. fxe5 Qxe5 19. Qd2 Nf6 20. c3 Qh5 21. g3
Bg4 22. Rae1 Rf8 23. Nf4 Qh6 24. Rxe7 Nh5 25. Rxa7 Nxg3 26. Re1 Rxf4 27. Qh2
Bf3 28. Ree7 Ne2+ 29. Bxe2 Rg4+ 30. Kf1 Qc1+ 31. Kf2 Rg2+ 32. Qxg2 Bxg2 33.
Rg7+ Kf8 34. Rgf7+ Ke8 35. Rfe7+ Kd8 36. Red7+ Kc8 37. Rac7# 1-0

[Event "Tournoi Skype 026A"]
[Site "Skype"]
[Date "????.??.??"]
[Round "3.28"]
[White "Scata, Laura"]
[Black "Lovell, Stan"]
[Result "0-1"]
[WhiteElo "1440"]
[BlackElo "1634"]
[PlyCount "72"]

1. d4 Nf6 2. Nf3 d6 3. Bf4 g6 4. Nc3 Bg7 5. Qd2 O-O 6. Bh6 Nbd7 7. e4 e5 8. d5
Nc5 9. Bxg7 Kxg7 10. Bd3 a6 11. h4 Bg4 12. Nh2 h5 13. f3 Bd7 14. O-O-O b5 15.
Qg5 Nh7 16. Qxd8 Rfxd8 17. g4 Nf6 18. gxh5 Nxh5 19. Rhg1 Nf4 20. Bf1 Rh8 21.
Rg3 Rxh4 22. Rd2 Rah8 23. Ng4 Bxg4 24. Rxg4 Rxg4 25. fxg4 Rh4 26. Be2 Nxe2+ 27.
Rxe2 Rxg4 28. Kd1 b4 29. Nb1 Nxe4 30. c3 bxc3 31. Nxc3 Nxc3+ 32. bxc3 f5 33.
Rb2 Rg1+ 34. Kc2 Rg2+ 35. Kb1 Rxb2+ 36. Kxb2 e4 0-1

[Event "Tournoi Skype 026A"]
[Site "Skype"]
[Date "????.??.??"]
[Round "3.29"]
[White "Davis, Michael"]
[Black "Vello, Pablo"]
[Result "0-1"]
[WhiteElo "1526"]
[BlackElo "1581"]
[PlyCount "52"]

1. d4 Nf6 2. c4 e6 3. Nc3 Bb4 4. Qd3 O-O 5. Bd2 Bxc3 6. Bxc3 b6 7. e4 Bb7 8. d5
exd5 9. exd5 Re8+ 10. Be2 Qe7 11. O-O-O Qe4 12. Bf3 Qxd3 13. Rxd3 d6 14. Ne2
Nbd7 15. Nd4 Nc5 16. Re3 Rxe3 17. fxe3 a6 18. Nf5 Nd3+ 19. Kb1 Re8 20. Rf1 Nd7
21. Bxg7 N3e5 22. Bh5 Nxc4 23. Bxf7+ Kxf7 24. Nxd6+ Kxg7 25. Nxe8+ Kg8 26. e4
Nd2+ 0-1

[Event "Tournoi Skype 026A"]
[Site "Skype"]
[Date "????.??.??"]
[Round "3.30"]
[White "Thoune, Jim"]
[Black "Ram, Madhukesh"]
[Result "1-0"]
[WhiteElo "1553"]
[BlackElo "1540"]
[PlyCount "113"]

1. c4 Nf6 2. Nc3 e6 3. d4 d5 4. e3 c5 5. Nf3 Nbd7 6. cxd5 cxd4 7. exd4 Nxd5 8.
Nxd5 exd5 9. Bd3 Bb4+ 10. Nd2 O-O 11. O-O Nf6 12. a3 Bd6 13. Nf3 Ne4 14. Be3
Bf5 15. Rc1 Rc8 16. Qe2 a6 17. Bb1 Rc7 18. h3 Qd7 19. Rxc7 Bxc7 20. Ne5 Qd6 21.
Bf4 Qe6 22. Rc1 Bd6 23. Qe3 f6 24. Nd3 Bxf4 25. Nxf4 Qd7 26. Ba2 Be6 27. Nxe6
Qxe6 28. f3 Ng5 29. Qxe6+ Nxe6 30. Bxd5 Re8 31. Re1 Kf7 32. Bxb7 Nxd4 33. Rxe8
Kxe8 34. Bxa6 Kd7 35. Kf2 Kd6 36. Bd3 h6 37. Ke3 Nb3 38. Bc4 Na5 39. Kd4 g5 40.
a4 h5 41. b4 Nc6+ 42. Kc3 Ke5 43. a5 Kf4 44. a6 Kg3 45. b5 Na7 46. b6 Nc6 47.
a7 Kxg2 48. a8=Q Ne5 49. f4+ Kxh3 50. fxe5 g4 51. Bf1+ Kh4 52. exf6 g3 53. Qe4+
Kg5 54. f7 h4 55. f8=Q h3 56. Qef5+ Kh4 57. Qh6# 1-0